000
00296nam a22001337a 4500
008
170302b xxu||||| |||| 00| 0 eng d
020
_a
9780815341857
041
_a
eng
080
_a
575
100
_a
6
101
_a
SHM
245
_a
HUMAN EVOLUTIONARY GENETICS
_c
JOBLING, M.A
942
_2
udc
_c
BK
999
_c
6578
_d
6578